La investigación educacional en América Latina: situación y perspectivas

Պահպանված է:
Մատենագիտական մանրամասներ
Ձևաչափ: Գիրք
Լեզու:իսպաներեն
Հրապարակվել է: Santiago CIDE 1980
Շարք:Documentos de Trabajo, 3
Խորագրեր:
Ցուցիչներ: Ավելացրեք ցուցիչ
Չկան պիտակներ, Եղեք առաջինը, ով նշում է այս գրառումը!

MARC

LEADER 00000nam a2200000 a 4500
001 UCZ8048
003 CL-VaPUC
005 20231006144338.0
008 960112e19800000cl 1 spa d
082 0 4 |a 370.78  |b LAI  |2 21 
245 1 3 |a La investigación educacional en América Latina: situación y perspectivas 
260 |a Santiago  |b CIDE  |c 1980 
300 |a 2 v 
490 0 |a Documentos de Trabajo, 3 
583 |a last modification  |c 19960112 00:00:00  |k Rodrigo Vera 
650 0 0 |a Investigación educacional   |9 261192 
650 0 0 |a Ciencias sociales  |v Investigación  |9 307767 
650 0 7 |a EXPERIMENTOS EDUCACIONALES  |2 CL-VaPUC  |9 338939 
650 0 0 |a Evaluación de la educación   |9 237505 
650 0 0 |a Modelos educacionales  |9 339132 
650 0 7 |a EDUCACION COMPARADA  |2 CL-VaPUC  |9 307694 
651 0 |a América Latina   |9 255027 
942 |c BK 
945 |a cmena  |d 19960112 00:00:00 
546 |a En Español 
536 |a CIDE 
518 |p Seminario 80, Isla Negra, 14 al 18 Abril 1980 
999 |c 382490  |d 382488 
952 |0 0  |1 0  |4 0  |6 370_780000000000000_LAI_1980  |7 0  |8 P  |9 504215  |a BIBEDU  |b BIBEDU  |c BIBEDU_PB  |d 2020-01-23  |h v.1  |i 1616951  |o 370.78 LAI 1980  |p 1616951  |r 2024-01-25  |w 2020-01-23  |y BK  |k EDU 
952 |0 0  |1 0  |4 0  |6 370_780000000000000_LAI_1980  |7 0  |8 P  |9 504216  |a BIBEDU  |b BIBEDU  |c BIBEDU_PB  |d 2020-01-23  |h v.2  |i 1614312  |o 370.78 LAI 1980  |p 1614312  |r 2024-01-25  |w 2020-01-23  |y BK  |k EDU